Statistics for Classical Music- All D's

Click here to take the quiz!

General Stats

  • This quiz has been taken 159 times
  • The average score is 7 of 12

Answer Stats

HintAnswer% Correct
20th century French composer of "La Mer"Debussy
93%
Piano, forte, mezzo forte, pianissimo, etc; degrees of softness or loudnessdynamics
78%
Mozart's opera about a notorious womanizerDon Giovanni
77%
Term for the 5th degree of a scale or the chord built on the 5th degreedominant
72%
Sign that raises a pitch two half-stepsdouble sharp
71%
The opposite of 'consonant' in describing the perception of sounddissonant
62%
In string technique, to play two notes simultaneouslydouble stop
57%
Mode which features a raised 6th degree from natural minordorian
55%
Vertical lines which indicate the end of a piecedouble bar lines
47%
Refers to music without chromaticism; stays within the key signaturediatonic
41%
Nickname of Haydn's E flat Major Symphony, named for its opening measuresDrum Roll
17%
20th century Spanish concert pianist who was a child prodigy, Alicia___________DeLarrocha
13%

Score Distribution

Percentile by Number Answered

Percent of People with Each Score

Your Score History

You have not taken this quiz